Chansons françaises par paroles commençant par J - Statistiques

Statistiques générales
  • Ce quiz a été pris 170 fois
  • Le résultat moyen est 11 sur 20
Statistiques - réponses
Hint Réponse % Correct
Elle a gommé les chiffres des horloges du quartier
Elle a fait de ma vie des cocottes en papier
Des éclats de rire
Elle a bâti des ponts entre nous et le ciel
Et nous les traversons à chaque fois qu'elle
Ne veut pas dormir
Je l'aime à mourir
82%
Offrez-moi du personnel
J’en ferais quoi
Un manoir à Neuchâtel
C’n’est pas pour moi
Offrez-moi la tour Eiffel
J’en ferais quoi
Je veux
81%
Et toi et moi
On était tellement sûrs
Et on se disait quelquefois
Que c'était juste une aventure
Et que ça ne durerait pas
J'ai demandé à la lune
75%
Et tournent, et tournent dans ma tête Les images du long métrage Où tu es belle et moi la bête Et la belle n'est jamais sage Je m'en vais
72%
Chez moi les loups sont à nos portes Et tous les enfants les comprennent On entend les cris de New-York Et les bateaux sur la Seine J'irai où tu iras
71%
J'ai fait l'amour et la révolution J'ai fait le tour de la question J'avance avance à reculons Oui je tourne en rond Je tourne en rond Je suis un homme
69%
Toute la journée au téléphone
Ou à taper à la machine
Les yeux rivés sur sa Kelton
Joséphine attend qu'ça s'termine
Elle se dit qu'avec son tour de poitrine
Oh, du genre Dolly Parton
Elle pourrait poser dans les magazines
Comme Olivia Newton-John
Le {jerk}
67%
J'y crois comme à la terre j'y crois comme au soleil J'y crois comme un enfant comme on peut croire au ciel J'y crois comme à ta peau à tes bras qui me serrent ___________ une histoire différente des autres J'ai tant besoin d'y croire encore Je te promets
66%
Je ne rêve plus Je ne fume plus Je n'ai même plus d'histoire Je suis sale sans toi Je suis laid sans toi Je suis comme un orphelin Dans un dortoir Je suis malade
58%
J'avoue j'en ai bavé pas vous
Mon amour
Avant d'avoir eu vent de vous
Mon amour
La {javanaise}
58%
Même les soirs de drame Il faut trouver la flamme qu'il faut Pour toucher les femmes qui me tendent les mains Qui me crient qu'elles m'aiment et dont je ne sais rien C'est pour ça qu'aujourd'hui je suis fatigué C'est pour ça qu'aujourd'hui je voudrais crier Je ne suis pas un héros
56%
À 18 ans j'ai quitté ma province
Bien décidé à empoigner la vie
Le cœur léger et le bagage mince
J'étais certain de conquérir Paris
Je m'voyais déjà
53%
Tu m'as comme donné l'envie d'être moi Donné un sens à mes pourquoi Tu as tué la peur qui dormait là Qui dormait là dans mes bras J'ai cherché
50%
100 jours Si c’était un jour sans Sans en avoir l’air De l’orage dans l’air Jour 1
49%
On aurait pu se dire Tout ça Ailleurs qu'au café D'en bas Que t'allais p't'être partir Et p't'être même pas rev'nir Mais en tous cas c'qui est sûr C'est qu'on pouvait en rire J'te l'dis quand même
44%
Comment dit-on bonjour Je ne sais plus Le parfum des beaux jours Je le sens plus Comment fait-on l'amour Si j'avais su J'ai tout oublié
34%
Le mercredi je m'balade Une paille dans ma limonade Je vais embêter les quilles À la vanille Et les gars en chocolat J'ai dix ans
30%
Supprimer les traces La moindre trace Ce qui reste de candeur Un morceau de glace À la place du cœur J'en rêve encore
23%
À peine une sensation Qui dirige tes pas Et te montre du doigt Où tu vas Où tu vas Juste une illusion
22%
Alors on se raisonne C’est pas la fin de notre monde Et à tort on se questionne Encore une dernière fois Je ne sais pas
20%
Aucun quiz correspondant
Distribution des résultats
% des personnes avec chaque résultat
Percentile par nombre de réponses
Votre historique - résultats
Vous n’avez pas pris ce quiz